L'università di Rebibbia /

Gespeichert in:
Bibliographische Detailangaben
1. Verfasser: Sapienza, Goliarda (Verfasst von)
Format: Buch
Sprache:Italienisch
Veröffentlicht: Milano : Rizzoli, 2006
Schriftenreihe:La scala
Schlagworte:
Tags: Tag hinzufügen
Keine Tags, Fügen Sie das erste Tag hinzu!

MARC

LEADER 00000nam a22000007i 4500
001 IT\ICCU\UBO\3007999
003 ItRI
005 20260115231901.0
008 060629s2006 it |||||| ||||| |||||c
020 |a 881701172X 
040 |b ita  |c importazione bologna sebina 
041 7 |a ita  |2 ISO-639-2 
082 |a 853.914  |9 NARRATIVA ITALIANA. 1945-  |2 20 
100 1 |a Sapienza, Goliarda  |0 IT\ICCU\CFIV\029426  |4 aut 
240 1 2 |a L'Università di Rebibbia  |3 IT\ICCU\BCT\0026813  |9 Sapienza, Goliarda 
245 1 2 |a L'università di Rebibbia /  |c Goliarda Sapienza. 
260 |a Milano :  |b Rizzoli,  |c 2006 
300 |a 194 p. ;  |c 22 cm. 
650 7 |a Roma  |x Carcere giudiziario di Rebibbia  |x Diari e memorie  |2 scbi 
830 3 |a La scala  |0 IT\ICCU\CFI\0000061 
942 |2 ddc  |c BK  |n 0 
952 |0 0  |1 0  |4 0  |6 DOC_853_914000000000000_SAP  |7 0  |9 15254  |a BO  |b BO  |d 2026-01-15  |i 18155  |l 0  |o DOC 853.914 SAP  |p BO18155  |r 2026-01-15 23:19:01  |w 2026-01-15  |x [Sebina 5] [1 v.]  |y BK  |z 1 v. 
999 |c 13130  |d 13130